00887nabaa22002057a 4500999001500000003000400015005001700019008004100036040000700077100003700084245013000121300001300251505009500264505008900359650003200448650003500480650002600515773012700541942001300668 c6148d6148OSt20260123000022.0190701b xxu||||| |||| 00| 0 spa d cPJ 96441aCalandra, Fernando Alfredo13aDerecho administrativo sancionador a la luz de la Convención Americana sobre Derechos Humanos /cFernando Alfredo Calandra. ap. 83-90 aSumario: I. Introducción.— II. Desarrollo.— III. Conclusiones.—IV. Bibliografía. t¿Te interesa el texto completo? Comunicate al correo: koha@justierradelfuego.gov.ar 09211aDERECHO ADMINISTRATIVO 093828aSANCIONES DISCIPLINARIAS 09614aDERECHOS HUMANOS0 0284293251dBuenos Aires : AbeledoPerrot, 2012-oDA121tDerecho administrativo. Nº 150 noviembre/diciembre 2023z18510590 2udccANA